Daily missal with vespers for Sundays & feasts / (Record n. 35569)
[ formato base ]
| 000 -LEADER | |
|---|---|
| fixed length control field | 00859nam a2200229 i 4500 |
| 003 - CONTROL NUMBER IDENTIFIER | |
| control field | IT-RoINE |
| 005 - DATE AND TIME OF LATEST TRANSACTION | |
| control field | 20201202093351.0 |
| 008 - FIXED-LENGTH DATA ELEMENTS--GENERAL INFORMATION | |
| fixed length control field | 201202s1934 be |||||r|||| 00| | eng d |
| 110 2# - MAIN ENTRY--CORPORATE NAME | |
| 9 (RLIN) | 1944 |
| Corporate name or jurisdiction name as entry element | Iglesia Católica |
| 240 10 - UNIFORM TITLE | |
| Uniform title | Missale Romanum. |
| Language of a work | Inglés |
| 245 10 - TITLE STATEMENT | |
| Title | Daily missal with vespers for Sundays & feasts / |
| Statement of responsibility, etc | by dom Gaspar Lefebvre O.S.B. |
| 260 ## - PUBLICATION, DISTRIBUTION, ETC. (IMPRINT) | |
| Place of publication, distribution, etc | Lophem (Belgium) : |
| Name of publisher, distributor, etc | Liturgical Apostolate, Abbey of St. André ; |
| 260 ## - PUBLICATION, DISTRIBUTION, ETC. (IMPRINT) | |
| Place of publication, distribution, etc | St. Paul (Minnesota) : |
| Name of publisher, distributor, etc | E.M. Lohmann Company, |
| Date of publication, distribution, etc | 1934. |
| 300 ## - PHYSICAL DESCRIPTION | |
| Extent | XXXVI, 1980, 63, 33 p. : |
| Other physical details | mus ; |
| Dimensions | 16 cm. |
| 336 ## - CONTENT TYPE | |
| Source | rdacontent |
| Content type term | text |
| 337 ## - MEDIA TYPE | |
| Source | rdamedia |
| Media type term | unmediated |
| 338 ## - CARRIER TYPE | |
| Source | rdacarrier |
| Carrier type term | volume |
| 655 #4 - INDEX TERM--GENRE/FORM | |
| Genre/form data or focus term | Libros litúrgicos |
| -- | 60140 |
| 655 #4 - INDEX TERM--GENRE/FORM | |
| Genre/form data or focus term | Misales de los fieles |
| -- | 67997 |
| 700 1# - ADDED ENTRY--PERSONAL NAME | |
| Personal name | Lefebvre, Gaspar, |
| Titles and other words associated with a name | O.S.B., |
| Dates associated with a name | 1880-1966 |
| Title of a work | Missel quotidien et Vesperal |
| Language of a work | Inglés |
| 9 (RLIN) | 69771 |
| 942 ## - ADDED ENTRY ELEMENTS (KOHA) | |
| Item type | Monografías |
| Withdrawn status | Lost status | Damaged status | Not for loan | Home library | Current library | Date acquired | Total Checkouts | Full call number | Barcode | Date last seen | Price effective from | Koha item type |
|---|---|---|---|---|---|---|---|---|---|---|---|---|
| Iglesia Nacional Española en Roma | Iglesia Nacional Española en Roma | 02/12/2020 | DEV.NOV 245 | NOV-2418 | 02/12/2020 | 02/12/2020 | Monografías |